Statistics for Top 3 Fifa 16 players for each position

Click here to take the quiz!

General Stats

  • This quiz has been taken 312 times
    (194 since last reset)
  • The average score is 18 of 36

Answer Stats

HintAnswer% Correct
GKNeuer
93%
RW/RFMessi
90%
LW/LFRonaldo
89%
GKDe Gea
81%
LBMarcelo
81%
LW/LFNeymar
80%
ST/CFSuarez
78%
GKCourtois
65%
CMModric
65%
LBAlba
60%
RMBale
60%
CMIniesta
59%
CMKroos
59%
LMHazard
56%
CAMSilva
56%
CBSilva
56%
ST/CFAguero
53%
RBAlves
53%
RMRobben
51%
CDMBusquets
50%
CDMLahm
50%
CBBoateng
49%
LBAlaba
47%
ST/CFIbrahimovic
46%
LMRibery
46%
CBChiellini
40%
CAMOzil
40%
LW/LFSanchez
32%
LMReus
22%
CAMRodriguez
17%
CDMMatic
10%
RMMata
7%
RBZabaleta
7%
RBLichtsteiner
5%
RW/RFHulk
3%
RW/RFCandreva
1%

Score Distribution

Percentile by Number Answered

Percent of People with Each Score

Your Score History

You have not taken this quiz since the last reset